Aspekty automatizácie procesu tvorby rozhodnutí kandidátska dizertačná práca

Enregistré dans:
Détails bibliographiques
Auteur principal: Jakeš, Ján
Collectivité auteur: Vysoká škola ekonomická v Bratislave. Fakulta riadenia
Autres auteurs: Štefánek, Ján
Format: Livre
Langue:slovaque
Publié: Bratislava 1982
Tags: Ajouter un tag
Pas de tags, Soyez le premier à ajouter un tag!

MARC

LEADER 00000nam a2200000 4500
001 c127171
005 20230116083234.3
041 0 |a slo 
044 |a SK 
245 1 0 |a Aspekty automatizácie procesu tvorby rozhodnutí  |b kandidátska dizertačná práca  |c Ján Jakeš ; Ved. Ján Štefánek 
264 1 |a Bratislava  |c 1982 
300 |a 167 s. 
100 1 |a Jakeš, Ján 
700 1 |a Štefánek, Ján 
710 2 |a Vysoká škola ekonomická v Bratislave. Fakulta riadenia